00796nam a2200241 a 4500008004100000020000700041040002500048041001300073044001100086080001200097080001100109100004200120245009500162250001300257260004600270300002800316490001700344500002200361700003100383700002700414999001700441952009600458951205s1981||||[C 0 slo c c10 aSNKbslocSNKeAACR21 aslohrus axocSK a159.942 a882-961 aNikiforov, Anatolij Sergejevič4aut10aEmócie v náscAnatolij Sergejevič Nikiforov ; Oľga Sadloňová, Ján Krížik a1., vyd. aBratislavabSmenac1981eŽilinafPravda a184 s., 12,01 AHc20 cm0 aKrižovatky aIlustr. na front.1 aSadloňová, Oľga4trl1 aKrížik, Ján4bkd c19814d19814 001040708Ka10000b10000d2019-11-29g10.00i18303oI 1544r2019-11-29w2019-11-29yOLDO